Sports Quiz

Random Sports or NFL Quiz

NFL Draft Blitz: Most #1 Picks Quiz Stats

Quiz Updated Jan 20, 2017

Challenge
Share
Tweet
Embed
Score 0/16 Timer 01:00
9 Plays Today
# Franchise % Correct
4Cleveland Browns
76.9%
4Detroit Lions
74.7%
7Baltimore/Indianapolis Colts
61.5%
7Cleveland/St. Louis/LA Rams
57.8%
3Cincinnati Bengals
54.8%
5Boston/New England Patriots
53%
3Dallas Cowboys
50.8%
3Houston Texans
47.8%
# Franchise % Correct
5Tampa Bay Buccaneers
46.4%
3San Francisco 49ers
44.9%
5Buffalo Bills
43.5%
4Chicago/St.Louis/Arizona Cardinals
39.9%
3Philadelphia Eagles
39.2%
3Houston/Tennessee Oilers/Titans
39%
3Pittsburgh Steelers
37.7%
4Atlanta Falcons
35.7%

You're not logged in!

Compare scores with friends on all Sporcle quizzes.
Sign Up with Email
OR
Log In

You Might Also Like...

Show Comments

Extras

Top Quizzes Today


Score Distribution

Your Account Isn't Verified!

In order to create a playlist on Sporcle, you need to verify the email address you used during registration. Go to your Sporcle Settings to finish the process.

Report this User

Report this user for behavior that violates our Community Guidelines.

Details: